| 000 | 01133nam a2200313 i 4500 | ||
|---|---|---|---|
| 001 | 6503 | ||
| 003 | ES-MaACL | ||
| 005 | 20230906144949.0 | ||
| 007 | t| | ||
| 008 | 891205s1981 sp ||||1| spa d | ||
| 020 | _a84-249-0156-8 | ||
| 080 | _a88-2"-02" | ||
| 080 | _a88(Herodas 7 M.03=6) | ||
| 080 | _a88-993"-00" | ||
| 080 | _a88(Partenio de Nicea 7 S.03=6) | ||
| 100 | 1 |
_aHerodas. _963124 |
|
| 245 | 1 | 0 |
_aMimiambos / _cHerodas. Fragmentos mimicos. Sufrimientos de amor / Partenio de Nicea ; introducciones, traducciones y notas [para la primera obra] de Jose Luis Navarro Gonzalez y [para la segunda y tercera obras de] Antonio Melero. |
| 260 |
_aMadrid : _bGredos, _cD.L. 1981. |
||
| 300 |
_a211 p. ; _c20 cm. |
||
| 490 | 1 |
_aBiblioteca clásica Gredos ; _v44 |
|
| 700 | 1 |
_aPartenio de Nicea. _989291 |
|
| 700 | 1 |
_aNavarro González, José Luis. _985132 |
|
| 700 | 1 |
_aMelero, Antonio, _etrad. _9177555 |
|
| 740 | 0 | _aFragmentos mimicos. | |
| 740 | 0 | _aSufrimientos de amor. | |
| 830 | 0 |
_aBiblioteca clásica Gredos ; _v44 _9177556 |
|
| 852 |
_aES-MaACL _jL-13682 _bR.117392 _z. - plast. |
||
| 999 |
_c6503 _d6503 |
||